Normal view
MARC view
- Narrative nutrition
Entry Topical Term
001 - CONTROL NUMBER
- control field: 65448
003 - CONTROL NUMBER IDENTIFIER
- control field: JO-AjAnu
005 - DATE AND TIME OF LATEST TRANSACTION
- control field: 20240610105043.0
008 - FIXED-LENGTH DATA ELEMENTS
- fixed length control field: 240610|| aca||babn | a|a d
040 ## - CATALOGING SOURCE
- Original cataloging agency: JO-AjAnu
150 ## - HEADING--TOPICAL TERM
- Topical term or geographic name entry element: Narrative nutrition